Statistics for Guess The Lyrics #15

Click here to take the quiz!

General Stats

  • This quiz has been taken 716 times
  • The average score is 177 of 476

Answer Stats

Answer% Correct
&
99%
a
99%
"I
99%
I
99%
The
95%
"The
95%
the
95%
ya
93%
"You
93%
You
93%
"you
93%
you
93%
He
86%
love
84%
me?
84%
me
84%
and
83%
And
83%
is
83%
to,
83%
to
83%
do
82%
In
81%
in
81%
on
80%
we
80%
We
80%
be
79%
your
76%
so
75%
no
74%
No
74%
can
73%
It
73%
it
73%
She
73%
she
73%
my
72%
what
71%
"What
71%
her
67%
of
67%
that
67%
"This
65%
this
65%
for
62%
"If
60%
They
60%
you're
60%
"why
56%
all
55%
All
55%
want
54%
don't
52%
one
52%
Then
51%
then
51%
know
50%
was
50%
we're
50%
see
49%
up
47%
should
46%
did
45%
its
44%
"It's
44%
said,
44%
Said
44%
at
42%
But
42%
just
41%
Just
41%
with
41%
With
41%
make
40%
some
40%
out
38%
Down
37%
got
37%
Got
37%
live
35%
here
34%
feel..."
33%
Now
32%
'Cause
28%
come
28%
mad?"
27%
song..."
26%
told"
25%
bad
24%
bad"
24%
head
24%
eyes
23%
Well,
23%
Well
23%
wouldn't
22%
people
21%
these
21%
home
20%
little
20%
new
20%
together
20%
happy
19%
made
19%
Put
19%
doing
18%
there's
18%
came
16%
leave
16%
wasn't
16%
alone
15%
hand
15%
run
15%
try
15%
friend
14%
better
12%
a-looking
10%
Everybody
10%
shoes
10%
black
9%
might
9%
red
9%
side
9%
true
9%
coming
8%
dreams
8%
fight
8%
fine
8%
gets
8%
hair
8%
through
8%
cold?"
7%
hide"
7%
reason
7%
sayin'
7%
arms
6%
called
6%
Clouds
6%
gives
6%
green
6%
Land
6%
angry
5%
breath
5%
case
5%
eatcha
5%
lots
5%
pie
5%
shout
5%
wear
5%
fallin'
4%
feet
4%
food
4%
forget
4%
kids
4%
meet
4%
morning
4%
woke
4%
Woke
4%
alive,
3%
brown
3%
burn
3%
clue
3%
enough
3%
greatest
3%
kicked
3%
magic
3%
nose
3%
pot
3%
bread
2%
cheese
2%
dreamt
2%
escape
2%
everything's
2%
ignore
2%
kissin'
2%
Lunchlady"
2%
Lunchlady
2%
Mountains
2%
pleased
2%
reeks
2%
return
2%
six
2%
Started
2%
Thanks
2%
uhhh,
2%
beans,
1%
beans
1%
built
1%
carrots
1%
chicken
1%
chocolate
1%
chopped
1%
corndogs
1%
disease
1%
flabby
1%
foods
1%
garlic
1%
gloves
1%
goal
1%
gout
1%
Grinders,
1%
Grinders
1%
gum
1%
hairs
1%
Hoagies
1%
joe
1%
joe,
1%
joes
1%
joined
1%
joining
1%
liver
1%
macaroni
1%
married
1%
Meatloaf
1%
meatloaf
1%
mole"
1%
Navy
1%
navy
1%
net
1%
onions
1%
orthopedic
1%
peas
1%
pepperoni
1%
pizza
1%
plastic
1%
pudding
1%
purpose
1%
Pushed
1%
reheated
1%
revenge
1%
rivers
1%
salisbury
1%
sandwich
1%
screamed,
1%
seconds
1%
serve
1%
Served
1%
shakin'
1%
shepherds
1%
slapped
1%
slice
1%
slop,
1%
sloppy
1%
Sloppy
1%
spatula
1%
steak
1%
student
1%
suey
1%
today's
1%
trays
1%
tuna
1%
yesterday's
1%

Score Distribution

Percentile by Number Answered

Percent of People with Each Score

Your Score History

You have not taken this quiz